[Event "XIV American Continental"]
[Site "Sao Paulo BRA"]
[Date "2019.07.09"]
[Round "6.82"]
[White "Okamura, Milton Kasuo"]
[Black "Machado, Wesley Henrique"]
[Result "1-0"]
[WhiteElo "1974"]
[BlackElo "1386"]
[EventDate "2019.07.05"]
[PlyCount "101"]
[EventRounds "11"]
[EventCountry "BRA"]

1.d4 Nf6 2.c4 e6 3.Nc3 Bb4 4.e3 Ne4 5.Qc2 Bxc3+ 6.bxc3 f5 7.Bd3 Nf6 8.Nf3 
O-O 9.O-O b6 10.Nd2 Bb7 11.f3 d6 12.e4 f4 13.Ba3 Re8 14.e5 dxe5 15.dxe5 
Nfd7 16.Bxh7+ Kh8 17.Bg6 Rg8 18.Bf7 Rf8 19.Qg6 Rxf7 20.Qxf7 Nc6 21.Qxf4 
Ndxe5 22.Rad1 Qf6 23.Qxf6 gxf6 24.Rfe1 Re8 25.f4 Nd3 26.Rf1 e5 27.Ne4 Nd4 
28.cxd4 Bxe4 29.dxe5 fxe5 30.fxe5 Rg8 31.Rf8 Rxf8 32.Bxf8 Kg8 33.Bh6 Nxe5 
34.Re1 Ng4 35.Rxe4 Nxh6 36.Re7 c5 37.Rxa7 Nf5 38.Rb7 Nd6 39.Rxb6 Nxc4 40.
Rc6 Ne5 41.Rxc5 Nd3 42.Rc7 Nb2 43.g4 Nd3 44.a4 Nb4 45.a5 Na6 46.Ra7 Nc5 
47.h4 Kh8 48.h5 Ne4 49.h6 Nf6 50.Rb7 Kg8 51.Rb8+ 1-0

[Event "XIV American Continental"]
[Site "Sao Paulo BRA"]
[Date "2019.07.09"]
[Round "6.83"]
[White "Cella, Glaucio Dalla Cortt"]
[Black "Arruda Filho, Ivo Pereira de"]
[Result "1-0"]
[WhiteElo "1962"]
[BlackElo "1744"]
[EventDate "2019.07.05"]
[PlyCount "85"]
[EventRounds "11"]
[EventCountry "BRA"]

1.e4 c6 2.Nf3 d5 3.exd5 cxd5 4.d4 Nf6 5.c3 e6 6.Bd3 Bd6 7.Ne5 O-O 8.Bg5 
Nbd7 9.Qe2 h6 10.h4 Qc7 11.Nxd7 Bxd7 12.Bxf6 gxf6 13.Rh3 f5 14.Qh5 Kg7 15.
g4 Qd8 16.gxf5 exf5 17.Bxf5 Re8+ 18.Kd1 Qe7 19.Re3 Qf6 20.Bxd7 Rxe3 21.
fxe3 Qf1+ 22.Kc2 Qf2+ 23.Nd2 Qf6 24.Rg1+ Kf8 25.Rf1 Qg7 26.Be6 f6 27.Rg1 
Qh7+ 28.Qg6 Qxg6+ 29.Rxg6 Ke7 30.Rg8 Rxg8 31.Bxg8 Bg3 32.Bxd5 b6 33.Nf3 
Kd6 34.e4 f5 35.Kd3 f4 36.c4 Bf2 37.e5+ Kd7 38.Ke4 Be3 39.h5 Bf2 40.b4 Be1
41.Kxf4 Bxb4 42.Be4 a6 43.Kf5 1-0

[Event "XIV American Continental"]
[Site "Sao Paulo BRA"]
[Date "2019.07.09"]
[Round "6.84"]
[White "Souza Junior, Helemberg Cubica de"]
[Black "Carvalho Junior, Celestino"]
[Result "0-1"]
[WhiteElo "1714"]
[BlackElo "1954"]
[EventDate "2019.07.05"]
[PlyCount "85"]
[EventRounds "11"]
[EventCountry "BRA"]

1.e4 d6 2.d4 Nf6 3.Nc3 g6 4.Nf3 Bg7 5.Bc4 O-O 6.Be3 Nbd7 7.Qd2 Ng4 8.O-O-O
c5 9.h3 Nxe3 10.fxe3 a6 11.h4 h6 12.h5 g5 13.Qf2 b5 14.Bd5 Rb8 15.e5 dxe5 
16.dxe5 e6 17.Bc6 Qe7 18.Bxd7 Bxd7 19.Qg3 Bc6 20.Rd6 Rfc8 21.Nd2 Qb7 22.
Nf3 b4 23.Ne2 a5 24.Nxg5 Kh8 25.Nf3 Bf8 26.Rdd1 Bg7 27.Nd2 c4 28.Nxc4 Be4 
29.b3 a4 30.Nd4 Rxc4 31.bxc4 b3 32.cxb3 axb3 33.axb3 Qb4 34.Kb2 Ra8 35.Nb5
Qc5 36.Nd4 Bxe5 37.Qf2 Qa3+ 38.Kc3 Qa5+ 39.Kb2 Qa2+ 40.Kc3 Qxf2 41.Rhf1 
Qxe3+ 42.Kb4 Bxd4 43.Rxf7 0-1

[Event "XIV American Continental"]
[Site "Sao Paulo BRA"]
[Date "2019.07.09"]
[Round "6.85"]
[White "Valim, Luiz Claudio"]
[Black "Cabral Mesquita, Jussier"]
[Result "1-0"]
[WhiteElo "1954"]
[BlackElo "1728"]
[EventDate "2019.07.05"]
[PlyCount "87"]
[EventRounds "11"]
[EventCountry "BRA"]

1.d4 Nf6 2.c4 g6 3.Nc3 Bg7 4.Nf3 O-O 5.Bg5 d6 6.e3 a6 7.Be2 Nbd7 8.Qc2 c6 
9.a4 c5 10.d5 Ng4 11.h3 Nge5 12.Nd2 Nf6 13.O-O Ned7 14.Rad1 Re8 15.Rfe1 
Qc7 16.Bf4 Rf8 17.Bh2 Ne8 18.Nde4 Ndf6 19.Ng5 h6 20.Nf3 Bf5 21.e4 Bd7 22.
Bd3 e5 23.dxe6 Bxe6 24.e5 dxe5 25.Nxe5 Qc8 26.g4 Nh7 27.Nd5 Bxd5 28.cxd5 
Ng5 29.Re3 Nf6 30.Bc4 Nd7 31.f4 Nxe5 32.fxe5 Re8 33.d6 Qd7 34.Qxg6 Ne6 35.
Qf5 Qxa4 36.b3 Qd7 37.Rf1 Rac8 38.Ref3 b5 39.Bd5 Rf8 40.Be4 Rfd8 41.Qh7+ 
Kf8 42.Rxf7+ Qxf7 43.Rxf7+ Kxf7 44.Qg6+ 1-0

[Event "XIV American Continental"]
[Site "Sao Paulo BRA"]
[Date "2019.07.09"]
[Round "6.86"]
[White "Moro, Antonio Renato Pereira"]
[Black "Melo, Luiz Claudio Parijos de"]
[Result "1-0"]
[WhiteElo "1927"]
[BlackElo "1695"]
[EventDate "2019.07.05"]
[PlyCount "137"]
[EventRounds "11"]
[EventCountry "BRA"]

1.e4 c5 2.Nf3 Nc6 3.c3 d5 4.exd5 Qxd5 5.d4 cxd4 6.cxd4 Bg4 7.Nc3 Qd8 8.Bb5
e6 9.h3 Bh5 10.O-O a6 11.Bxc6+ bxc6 12.Re1 Bd6 13.Ne4 Be7 14.Qa4 Qb6 15.
Ne5 Qb5 16.Qc2 Rc8 17.Re3 Nf6 18.Rb3 Qd5 19.Ng3 Bg6 20.Nxg6 hxg6 21.Be3 g5
22.Qe2 a5 23.Rc1 Bb4 24.Qa6 O-O 25.Qc4 g4 26.h4 Nd7 27.Qe2 f5 28.Nh5 c5 
29.Nf4 Qd6 30.Rd3 c4 31.Rdd1 Qc6 32.a3 Bd6 33.Ng6 Rf6 34.h5 f4 35.Bd2 
Qxg2+ 36.Kxg2 f3+ 37.Kf1 fxe2+ 38.Kxe2 Nf8 39.Bxa5 Nxg6 40.hxg6 Rxg6 41.
Rg1 g3 42.fxg3 Rxg3 43.Rxg3 Bxg3 44.Kf3 Bh4 45.b3 Ra8 46.b4 Rc8 47.Bb6 Bg5
48.Rc2 c3 49.Bc5 Bd2 50.b5 e5 51.Ke4 exd4 52.Kxd4 g5 53.b6 g4 54.Kd3 g3 
55.Ke2 Rf8 56.a4 g2 57.Bf2 Kf7 58.a5 Ke6 59.a6 Kd7 60.Ra2 Rxf2+ 61.Kxf2 
g1=Q+ 62.Kxg1 Be3+ 63.Kf1 Bxb6 64.Ke2 Ba7 65.Ra3 Kc7 66.Rb3 Bb6 67.Kd3 Bd4
68.Kxd4 c2 69.Rc3+ 1-0

[Event "XIV American Continental"]
[Site "Sao Paulo BRA"]
[Date "2019.07.09"]
[Round "6.87"]
[White "Correa, Jose Augusto"]
[Black "Andreata, Mauro Antonio"]
[Result "1/2-1/2"]
[WhiteElo "1911"]
[BlackElo "1648"]
[EventDate "2019.07.05"]
[PlyCount "220"]
[EventRounds "11"]
[EventCountry "BRA"]

1.c4 c5 2.Nc3 Nc6 3.g3 Nf6 4.Bg2 e6 5.d3 Be7 6.Bg5 O-O 7.Rc1 d6 8.Nf3 Bd7 
9.O-O Rc8 10.d4 cxd4 11.Nxd4 a6 12.e4 h6 13.Be3 e5 14.Nb3 Bg4 15.f3 Be6 
16.Nd5 Nd7 17.Qd2 Kh7 18.Nxe7 Qxe7 19.Rfd1 Rfd8 20.Qxd6 Qf6 21.Qa3 Qg6 22.
Na5 Nxa5 23.Qxa5 f5 24.exf5 Bxf5 25.c5 Re8 26.Rd6 Nf6 27.c6 Qf7 28.cxb7 
Qxb7 29.Qb6 Qxb6 30.Rxb6 Nd5 31.Rb3 Rxc1+ 32.Bxc1 Rc8 33.Be3 Rc2 34.g4 Be6
35.f4 Nf6 36.Rb6 Bd5 37.Bf1 e4 38.g5 hxg5 39.fxg5 Ng4 40.g6+ Kh8 41.Rb8+ 
Bg8 42.Bd4 Nxh2 43.Bg2 Nf3+ 44.Bxf3 exf3 45.Rb6 Rg2+ 46.Kf1 a5 47.b3 Bd5 
48.a4 Rg4 49.Bc3 Rg3 50.Bxa5 f2 51.b4 Rf3 52.Rb8+ Bg8 53.Bb6 Rf6 54.Bxf2 
Rxg6 55.b5 Kh7 56.a5 Bc4+ 57.Ke1 Re6+ 58.Kd1 Re5 59.a6 Bxb5 60.a7 Be2+ 61.
Kd2 Bf3 62.a8=Q Bxa8 63.Rxa8 g5 64.Ra6 g4 65.Be3 Rf5 66.Rh6+ Kg7 67.Rh4 
Kf6 68.Rxg4 Ke5 69.Rd4 Rf3 70.Ke2 Rf5 71.Rh4 Kd5 72.Kd3 Ke5 73.Rh6 Kd5 74.
Ra6 Rf3 75.Ra5+ Kc6 76.Ke4 Rh3 77.Bd4 Rh4+ 78.Kd3 Rh3+ 79.Kc4 Rh4 80.Ra6+ 
Kb7 81.Rf6 Kc7 82.Kd5 Rh5+ 83.Be5+ Kd7 84.Rf7+ Ke8 85.Rb7 Rh6 86.Bd6 Rh1 
87.Kc6 Rc1+ 88.Bc5 Rc2 89.Re7+ Kd8 90.Rf7 Re2 91.Rf8+ Re8 92.Rf7 Re6+ 93.
Bd6 Re2 94.Ra7 Ke8 95.Kd5 Rd2+ 96.Ke6 Re2+ 97.Be5 Rd2 98.Rb7 Rd1 99.Rb8+ 
Rd8 100.Rb2 Rd1 101.Ra2 Rd3 102.Rg2 Rf3 103.Rg7 Rf1 104.Re7+ Kd8 105.Rh7 
Kc8 106.Rh8+ Kb7 107.Rb8+ Ka7 108.Rb2 Ka6 109.Kd5 Rf8 110.Bd6 Rc8 1/2-1/2

[Event "XIV American Continental"]
[Site "Sao Paulo BRA"]
[Date "2019.07.09"]
[Round "6.88"]
[White "Crocitti, Daniel"]
[Black "Haraguchi, Diego Sashaki"]
[Result "1/2-1/2"]
[WhiteElo "1873"]
[BlackElo "1634"]
[EventDate "2019.07.05"]
[PlyCount "94"]
[EventRounds "11"]
[EventCountry "BRA"]

1.d4 Nf6 2.c4 g6 3.Nc3 d5 4.Nf3 Bg7 5.Qb3 dxc4 6.Qxc4 O-O 7.e4 Nfd7 8.Qb3 
Nc6 9.Be3 e5 10.Rd1 exd4 11.Nxd4 Nxd4 12.Bxd4 Qe7 13.Be2 Nb6 14.O-O Be6 
15.Qc2 Rfd8 16.Bxg7 Kxg7 17.b3 c6 18.Rxd8 Rxd8 19.Rd1 Rxd1+ 20.Qxd1 Qd7 
21.Qxd7 Nxd7 22.f4 f6 23.Kf2 Kf7 24.Ke3 Ke7 25.h4 a5 26.g4 f5 27.exf5 gxf5
28.g5 b5 29.Bd3 Nb6 30.h5 b4 31.Ne2 c5 32.Ng3 Nd5+ 33.Kf3 Nc3 34.Nxf5+ Kf8
35.Ne3 Nxa2 36.Bc4 Bd7 37.f5 Nc1 38.Nd5 Bxf5 39.Nb6 Kg7 40.Na4 Bc2 41.Nxc5
Bd1+ 42.Ke3 Bxh5 43.Nb7 Bf7 44.Bxf7 Kxf7 45.Nxa5 Kg6 46.Kf4 h6 47.gxh6 
Nxb3 1/2-1/2

[Event "XIV American Continental"]
[Site "Sao Paulo BRA"]
[Date "2019.07.09"]
[Round "6.89"]
[White "Leite, Tarcisio Dantas Frota"]
[Black "De Freitas, Jose Renato Silva"]
[Result "0-1"]
[WhiteElo "1571"]
[BlackElo "1873"]
[EventDate "2019.07.05"]
[PlyCount "130"]
[EventRounds "11"]
[EventCountry "BRA"]

1.e4 c5 2.Nf3 e6 3.c3 Nf6 4.e5 Nd5 5.d4 cxd4 6.cxd4 Nc6 7.a3 d6 8.Bd2 Qb6 
9.Nc3 Qxb2 10.Nxd5 exd5 11.exd6 Bxd6 12.a4 O-O 13.Be2 Nxd4 14.Nxd4 Qxd4 
15.O-O Bf5 16.Bf3 Be4 17.Ra2 Qf6 18.Bxe4 dxe4 19.Qb3 b6 20.Rc2 Rac8 21.
Rcc1 Rxc1 22.Rxc1 Bc5 23.Be3 Bxe3 24.Qxe3 Qe6 25.h3 f5 26.Qf4 Re8 27.Re1 
Qe5 28.Qg5 f4 29.Qg4 e3 30.fxe3 fxe3 31.Qc4+ Kh8 32.Re2 h6 33.Qf7 Re7 34.
Qf8+ Kh7 35.Kh1 Rc7 36.Qf1 Qe4 37.Qg1 Re7 38.Qd1 Re5 39.Qb3 Re7 40.Qb5 Rc7
41.Qb2 Qd3 42.Kh2 Rc3 43.Kg3 Rb3 44.Qe5 Ra3 45.Kf3 Rxa4 46.Rxe3 Qg6 47.Kf2
Ra2+ 48.Re2 Qf6+ 49.Kg1 Qxe5 50.Rxe5 Rb2 51.Re7 a5 52.Ra7 Rb4 53.g3 a4 54.
Kg2 b5 55.g4 Rb3 56.h4 a3 57.g5 h5 58.Ra6 Rb2+ 59.Kg3 a2 60.Kf4 b4 61.g6+ 
Kh6 62.Ra8 Kxg6 63.Ra6+ Kh7 64.Kg5 b3 65.Kxh5 Rb1 0-1

[Event "XIV American Continental"]
[Site "Sao Paulo BRA"]
[Date "2019.07.09"]
[Round "6.90"]
[White "Costa, Iaggo Bernini"]
[Black "Cordioli, Jairo Ribeiro"]
[Result "1-0"]
[WhiteElo "1507"]
[BlackElo "1871"]
[EventDate "2019.07.05"]
[PlyCount "90"]
[EventRounds "11"]
[EventCountry "BRA"]

1.e4 c5 2.Nf3 d6 3.d4 cxd4 4.Nxd4 Nf6 5.f3 e5 6.Bb5+ Bd7 7.Bxd7+ Qxd7 8.
Nf5 Nc6 9.Bg5 h6 10.Bxf6 gxf6 11.Nc3 O-O-O 12.Qd2 Ne7 13.Nxe7+ Bxe7 14.Nd5
f5 15.Qa5 Kb8 16.O-O-O Bg5+ 17.Kb1 fxe4 18.fxe4 f5 19.exf5 Qxf5 20.Qc7+ 
Ka8 21.Rhf1 Qc8 22.Qa5 Kb8 23.Rd3 Rhf8 24.Rfd1 e4 25.Ra3 a6 26.Qb6 Qc6 27.
Qd4 Rfe8 28.Rc3 Qd7 29.Rc7 Qb5 30.a4 Qc5 31.b4 Qxc7 32.Nxc7 Kxc7 33.b5 
axb5 34.axb5 e3 35.b6+ Kb8 36.Qa4 e2 37.Qa7+ Kc8 38.Qa8+ Kd7 39.Qxb7+ Ke6 
40.Re1 Kf5 41.Qf3+ Kg6 42.Rxe2 Rxe2 43.Qxe2 Kf7 44.b7 d5 45.Qb5 Bf4 1-0

[Event "XIV American Continental"]
[Site "Sao Paulo BRA"]
[Date "2019.07.09"]
[Round "6.91"]
[White "Kruger, Israel"]
[Black "Da Rosa, Henrique Jaze Simoes"]
[Result "1-0"]
[WhiteElo "1869"]
[BlackElo "1633"]
[EventDate "2019.07.05"]
[PlyCount "67"]
[EventRounds "11"]
[EventCountry "BRA"]

1.g3 d5 2.Bg2 Nf6 3.d3 Bf5 4.Nd2 e6 5.e4 Bg6 6.Ne2 Be7 7.Nf4 O-O 8.h4 h6 
9.Nxg6 fxg6 10.Qe2 Bc5 11.O-O Nh5 12.Qg4 Qf6 13.Nf3 Nc6 14.exd5 exd5 15.c3
Ne5 16.Nxe5 Bxf2+ 17.Rxf2 Qxf2+ 18.Kh2 Rae8 19.d4 Rf6 20.b3 c6 21.Bxh6 Qb2
22.Rg1 Qxc3 23.Bg5 Rfe6 24.Rf1 Qc2 25.Kh3 Qc3 26.Bc1 Qc2 27.Bg5 Qc3 28.Kh2
Qc2 29.Qf3 Nf6 30.Rf2 Qe4 31.Qd1 Rxe5 32.Bxe4 Nxe4 33.dxe5 Nxf2 34.Qd4 1-0

[Event "XIV American Continental"]
[Site "Sao Paulo BRA"]
[Date "2019.07.09"]
[Round "6.92"]
[White "Cabral, Denrick"]
[Black "Dabraccio, Guillermo"]
[Result "1/2-1/2"]
[WhiteElo "1863"]
[BlackElo "1611"]
[EventDate "2019.07.05"]
[PlyCount "104"]
[EventRounds "11"]
[EventCountry "BRA"]

1.e4 c5 2.Nc3 Nc6 3.g3 g6 4.Bg2 Bg7 5.d3 e6 6.Be3 d6 7.Qd2 h6 8.f4 Nf6 9.
h3 Nd4 10.Nd1 Qc7 11.c3 Nc6 12.Nf3 Bd7 13.O-O e5 14.d4 Nxe4 15.Qe1 cxd4 
16.cxd4 exd4 17.Bxd4 Bxd4+ 18.Nxd4 O-O 19.Nxc6 Bxc6 20.f5 d5 21.Bxe4 dxe4 
22.Ne3 Qb6 23.Kh2 Qxb2+ 24.Rf2 Qb6 25.Ng4 Qd4 26.Nxh6+ Kh7 27.Rd1 Qg7 28.
Ng4 f6 29.fxg6+ Qxg6 30.Rd6 e3 31.Qxe3 Rae8 32.Qc3 Qe4 33.Qc2 Qxc2 34.Rxc2
Kg7 35.Nf2 f5 36.h4 Rf6 37.Rxf6 Kxf6 38.Nh3 Re1 39.Ng1 a5 40.Rf2 Kg6 41.a3
Ra1 42.Nf3 Kf6 43.h5 Rxa3 44.Nd4 Be4 45.Nxf5 Bxf5 46.g4 Kg5 47.gxf5 Re3 
48.f6 Re8 49.Rb2 Kxf6 50.Rxb7 Re5 51.Rb6+ Kg7 52.h6+ Kh7 1/2-1/2

[Event "XIV American Continental"]
[Site "Sao Paulo BRA"]
[Date "2019.07.09"]
[Round "6.94"]
[White "Caldas, Raphael C B R Leitao"]
[Black "Hirota da Silva, Nilton"]
[Result "1/2-1/2"]
[WhiteElo "1421"]
[BlackElo "1881"]
[EventDate "2019.07.05"]
[PlyCount "53"]
[EventRounds "11"]
[EventCountry "BRA"]

1.e4 c6 2.Nc3 d6 3.d4 e5 4.dxe5 dxe5 5.Qxd8+ Kxd8 6.Nf3 f6 7.Be3 Be6 8.
O-O-O+ Kc7 9.a3 Nd7 10.Nd2 b5 11.Nb3 a5 12.Be2 b4 13.Nb1 bxa3 14.Nxa3 Bb4 
15.Bc4 Bg4 16.f3 Bh5 17.c3 Bxa3 18.bxa3 Ne7 19.Nc5 Nxc5 20.Bxc5 Nc8 21.Rd2
Rd8 22.Rhd1 Rxd2 23.Rxd2 Be8 24.Rb2 Bd7 25.Rd2 Be8 26.Rb2 Bd7 27.Rd2 
1/2-1/2

[Event "XIV American Continental"]
[Site "Sao Paulo BRA"]
[Date "2019.07.09"]
[Round "6.95"]
[White "Itagyba, Renan Fortes"]
[Black "Soares, Renan Barbosa Monteiro"]
[Result "1-0"]
[WhiteElo "1719"]
[BlackElo "1985"]
[EventDate "2019.07.05"]
[PlyCount "71"]
[EventRounds "11"]
[EventCountry "BRA"]

1.e4 c5 2.Nf3 d6 3.d4 cxd4 4.Nxd4 Nf6 5.Nc3 Nc6 6.Bg5 e6 7.Qd2 a6 8.O-O-O 
Bd7 9.f3 Rc8 10.Kb1 h6 11.Be3 b5 12.Nxc6 Bxc6 13.Ne2 d5 14.e5 Nd7 15.f4 
Be7 16.Rg1 Nc5 17.Bxc5 Bxc5 18.Nd4 Qc7 19.g4 Bd7 20.Rg2 O-O 21.Nb3 Bb6 22.
Bd3 a5 23.g5 h5 24.g6 f5 25.Qe2 Be8 26.Qxh5 Bxg6 27.Qxg6 Rfe8 28.Bxb5 Re7 
29.a4 Be3 30.Rf1 d4 31.Rf3 Rb8 32.Rh3 Rf7 33.Qxe6 Rb6 34.Qe8+ Rf8 35.Qh5 
d3 36.Qh7+ 1-0

[Event "XIV American Continental"]
[Site "Sao Paulo BRA"]
[Date "2019.07.09"]
[Round "6.96"]
[White "Moccero, Eduardo"]
[Black "Nobre, Jose Adalberto Barbosa"]
[Result "1-0"]
[WhiteElo "1933"]
[BlackElo "1577"]
[EventDate "2019.07.05"]
[PlyCount "71"]
[EventRounds "11"]
[EventCountry "BRA"]

1.d4 Nf6 2.Nf3 g6 3.c4 Bg7 4.Nc3 d6 5.Bf4 Nbd7 6.h3 c5 7.d5 Nh5 8.Bh2 
Bxc3+ 9.bxc3 Qa5 10.Qb3 f5 11.e3 Nhf6 12.Bd3 Nb6 13.O-O Bd7 14.Nd2 O-O-O 
15.Qc2 Na4 16.Rac1 Rdf8 17.e4 fxe4 18.Bxe4 Qd8 19.Rb1 Nb6 20.Bd3 Qe8 21.
Rfe1 Qf7 22.Nf3 Nh5 23.Ng5 Qf6 24.Ne4 Qh4 25.Qd2 h6 26.Qe3 Nf4 27.Bg3 
Nxh3+ 28.gxh3 Qxh3 29.Bf1 Qg4 30.Qe2 Qf5 31.Bxd6 Qf7 32.Qe3 Kd8 33.Bxc5 
Nxd5 34.cxd5 Qxd5 35.Rbd1 Qh5 36.Bxe7+ 1-0

[Event "XIV American Continental"]
[Site "Sao Paulo BRA"]
[Date "2019.07.09"]
[Round "6.97"]
[White "Torres, Eduardo Lisboa"]
[Black "Haraguchi, Matheus Sashaki"]
[Result "1-0"]
[WhiteElo "1872"]
[BlackElo "1555"]
[EventDate "2019.07.05"]
[PlyCount "121"]
[EventRounds "11"]
[EventCountry "BRA"]

1.d4 d5 2.c4 e6 3.Nc3 Nf6 4.Nf3 Be7 5.Bf4 c6 6.e3 b6 7.h3 Bb7 8.a3 Nbd7 9.
b4 Rc8 10.c5 bxc5 11.bxc5 Qa5 12.Qd2 Ba6 13.Be2 Bxe2 14.Kxe2 O-O 15.g4 
Rfe8 16.Rhb1 Bd8 17.Kf1 Bc7 18.Kg2 Ne4 19.Bxc7 Qxc3 20.Qxc3 Nxc3 21.Rb7 
Nb5 22.Bg3 Nf8 23.a4 Nc3 24.Rxa7 Ra8 25.Rc7 Rec8 26.Rxc8 Rxc8 27.a5 Nd7 
28.a6 f6 29.a7 Ra8 30.Ra6 Kf7 31.Rxc6 Rxa7 32.Rc7 Rxc7 33.Bxc7 Nb5 34.Ba5 
Na7 35.g5 Nc6 36.Bc7 Kg6 37.gxf6 gxf6 38.Kg3 Kf5 39.Nd2 Kg5 40.f4+ Kf5 41.
Bd6 e5 42.fxe5 fxe5 43.dxe5 Ndxe5 44.Nf3 Nf7 45.Nd4+ Nxd4 46.exd4 Ke4 47.
Be7 Kf5 48.c6 Ke6 49.c7 Kd7 50.Bd8 Nd6 51.Kf4 Ke6 52.Kg5 Nf7+ 53.Kf4 Nd6 
54.h4 h6 55.Kg4 Kd7 56.Bf6 Nf7 57.Kf5 Kxc7 58.Ke6 Nd8+ 59.Bxd8+ Kxd8 60.
Kxd5 h5 61.Kd6 1-0

[Event "XIV American Continental"]
[Site "Sao Paulo BRA"]
[Date "2019.07.09"]
[Round "6.98"]
[White "Mesquita, Arnaldo Leite"]
[Black "Ferreira, Jose Carlos"]
[Result "1-0"]
[WhiteElo "1703"]
[BlackElo "1835"]
[EventDate "2019.07.05"]
[PlyCount "69"]
[EventRounds "11"]
[EventCountry "BRA"]

1.Nf3 Nf6 2.g3 e6 3.c4 c5 4.Nc3 a6 5.Bg2 Nc6 6.O-O Be7 7.d4 cxd4 8.Nxd4 
Qc7 9.Nxc6 dxc6 10.a3 O-O 11.Qc2 e5 12.h3 Be6 13.Ne4 Nxe4 14.Qxe4 f5 15.
Qc2 Bf6 16.e3 Qf7 17.b3 Rac8 18.a4 b5 19.Ba3 Rfe8 20.axb5 axb5 21.Rfc1 e4 
22.Rab1 bxc4 23.bxc4 Rb8 24.Bf1 g5 25.Bd6 Rxb1 26.Qxb1 Qd7 27.Rd1 Qa7 28.
Qb4 Ra8 29.c5 Qf7 30.Qb6 Bd5 31.Ba6 Qa7 32.Bb7 Bd8 33.Qb2 Qa4 34.Rxd5 cxd5
35.Bxd5# 1-0

[Event "XIV American Continental"]
[Site "Sao Paulo BRA"]
[Date "2019.07.09"]
[Round "6.99"]
[White "Nobre, Jailson Altair Barbosa"]
[Black "Melo, Igor de Souza"]
[Result "0-1"]
[WhiteElo "1692"]
[BlackElo "1825"]
[EventDate "2019.07.05"]
[PlyCount "80"]
[EventRounds "11"]
[EventCountry "BRA"]

1.e4 c5 2.Nf3 Nc6 3.d3 g6 4.g3 Bg7 5.Bg2 d6 6.O-O Nf6 7.Nc3 O-O 8.h3 Bd7 
9.Nh4 Qc8 10.Kh2 e5 11.f4 exf4 12.Bxf4 Ne8 13.Qd2 Ne5 14.Bh6 Be6 15.Bxg7 
Kxg7 16.Qf4 f6 17.Nf3 Nxf3+ 18.Rxf3 g5 19.Qe3 Nc7 20.Raf1 Qd7 21.Qf2 Qe7 
22.a3 a5 23.Re3 Rae8 24.Rfe1 Qd8 25.Qe2 b5 26.Nd5 Bxd5 27.exd5 Rxe3 28.
Qxe3 Re8 29.Qd2 Rxe1 30.Qxe1 b4 31.axb4 axb4 32.Qe2 Qe8 33.Qe4 Qxe4 34.
dxe4 Nb5 35.Bf1 Nd4 36.Bd3 Nf3+ 37.Kg2 Ne5 38.Kf2 b3 39.Ke3 c4 40.Be2 c3 
0-1

[Event "XIV American Continental"]
[Site "Sao Paulo BRA"]
[Date "2019.07.09"]
[Round "6.100"]
[White "De Oliveira, Francemir Barra"]
[Black "Silva, Rodrigo Ferreira da"]
[Result "0-1"]
[WhiteElo "1600"]
[BlackElo "1803"]
[EventDate "2019.07.05"]
[PlyCount "76"]
[EventRounds "11"]
[EventCountry "BRA"]

1.e4 c5 2.Nf3 e6 3.c3 d5 4.e5 Nc6 5.d4 Qb6 6.Bd3 Bd7 7.dxc5 Bxc5 8.O-O a5 
9.Qe2 Nge7 10.Bf4 Ng6 11.Bg3 Nce7 12.Nbd2 Nf5 13.Bxf5 exf5 14.h3 f4 15.Bh2
O-O 16.Nb3 Bb5 17.Qd2 Bxf1 18.Rxf1 a4 19.Nxc5 Qxc5 20.Bxf4 Nxf4 21.Qxf4 a3
22.b3 Qxc3 23.Ng5 h6 24.Nf3 Qb2 25.Nh4 Ra6 26.Nf5 Re8 27.Re1 Qxa2 28.e6 
Raxe6 29.Rxe6 fxe6 30.Nxh6+ gxh6 31.Qxh6 Qa1+ 32.Kh2 Qg7 33.Qd2 Ra8 34.Qe2
Qg6 35.Qa2 d4 36.b4 d3 37.b5 d2 38.Qxd2 a2 0-1

[Event "XIV American Continental"]
[Site "Sao Paulo BRA"]
[Date "2019.07.09"]
[Round "6.101"]
[White "Reyes, Jesus"]
[Black "Pereira Vera, Henry Alberto"]
[Result "0-1"]
[WhiteElo "1354"]
[BlackElo "1790"]
[EventDate "2019.07.05"]
[PlyCount "57"]
[EventRounds "11"]
[EventCountry "BRA"]

1.e4 d5 2.exd5 Qxd5 3.Nc3 Qd6 4.d4 c6 5.Nf3 Nf6 6.Bd3 Bg4 7.h3 Bh5 8.Be3 
e6 9.Qe2 Nbd7 10.O-O-O Qc7 11.g4 Bg6 12.Bxg6 hxg6 13.Ng5 Nb6 14.Qf3 Nbd5 
15.Nce4 b5 16.Rhe1 a5 17.Nxf6+ gxf6 18.Ne4 Be7 19.Nc5 Bxc5 20.dxc5 O-O-O 
21.Rd3 Nxe3 22.Rdxe3 f5 23.gxf5 gxf5 24.Rg1 Rhg8 25.Qh1 Rxg1+ 26.Qxg1 Qf4 
27.Qg3 Qxg3 28.Rxg3 Rf8 29.f4 0-1

[Event "XIV American Continental"]
[Site "Sao Paulo BRA"]
[Date "2019.07.09"]
[Round "6.102"]
[White "Jenidarchiche, Douglas Rodrigo"]
[Black "Japiassu, Glauco Antonio Bezerra"]
[Result "1-0"]
[WhiteElo "1754"]
[BlackElo "1526"]
[EventDate "2019.07.05"]
[PlyCount "88"]
[EventRounds "11"]
[EventCountry "BRA"]

1.d4 d5 2.c4 e6 3.Nf3 Nf6 4.Nc3 c6 5.e3 Bd6 6.Qc2 Nbd7 7.Bd3 Bb4 8.O-O 
Bxc3 9.bxc3 Qc7 10.Ba3 e5 11.e4 dxe4 12.Bxe4 Nxe4 13.Qxe4 c5 14.Nxe5 O-O 
15.f4 Nf6 16.Qd3 Qa5 17.Bxc5 Rd8 18.Be7 Re8 19.Bb4 Qa6 20.Kf2 Ng4+ 21.Kf3 
Be6 22.d5 Rad8 23.Kg3 f5 24.Nxg4 fxg4 25.f5 Bf7 26.Rad1 Qxa2 27.Bc5 b5 28.
cxb5 Bxd5 29.Bd4 Bc4 30.Qb1 Qe2 31.Rc1 Bxb5 32.h3 h5 33.Qb3+ Bc4 34.Qb4 a6
35.Qb6 Qd2 36.Rce1 Rxe1 37.Rxe1 Qxe1+ 38.Kh2 Rf8 39.Qg6 Qe7 40.Qxh5 Be2 
41.Qg6 Qf7 42.Qg5 Kh7 43.Kg3 Qc7+ 44.Be5 Qd7 1-0

[Event "XIV American Continental"]
[Site "Sao Paulo BRA"]
[Date "2019.07.09"]
[Round "6.103"]
[White "Passos Coutinho, Eduardo"]
[Black "Borensztajn, David"]
[Result "0-1"]
[WhiteElo "1728"]
[BlackElo "1777"]
[EventDate "2019.07.05"]
[PlyCount "72"]
[EventRounds "11"]
[EventCountry "BRA"]

1.e4 c5 2.Nf3 g6 3.d4 cxd4 4.Nxd4 Bg7 5.Be3 Nf6 6.Nc3 Nc6 7.Bc4 O-O 8.Bb3 
d6 9.f3 Bd7 10.Qd2 Rc8 11.O-O-O Ne5 12.Kb1 Nc4 13.Bxc4 Rxc4 14.h4 h5 15.
Nde2 b5 16.b3 Rc8 17.Bh6 Bxh6 18.Qxh6 Qa5 19.Qd2 Qc7 20.g4 hxg4 21.h5 Kg7 
22.hxg6 Rh8 23.gxf7 Kxf7 24.Rxh8 Rxh8 25.e5 dxe5 26.fxg4 Bxg4 27.Nxb5 Qb7 
28.Nbc3 Rh2 29.Qe3 Qc7 30.Rd2 Rh3 31.Ng3 Be6 32.Rf2 Ke8 33.Qd3 Qb6 34.Rd2 
Qg1+ 35.Kb2 Qxg3 36.Qd8+ Kf7 0-1

[Event "XIV American Continental"]
[Site "Sao Paulo BRA"]
[Date "2019.07.09"]
[Round "6.104"]
[White "Azevedo, Eduardo Jose Estevao de"]
[Black "Olivo, Anibal Ribeiro"]
[Result "1/2-1/2"]
[WhiteElo "1738"]
[BlackElo "1649"]
[EventDate "2019.07.05"]
[PlyCount "129"]
[EventRounds "11"]
[EventCountry "BRA"]

1.d4 Nf6 2.Bg5 d6 3.e4 e6 4.Nc3 Be7 5.Qd2 h6 6.Bh4 b6 7.O-O-O Bb7 8.Qe1 
O-O 9.f3 Nbd7 10.Bd3 c5 11.e5 Nd5 12.Qe4 g6 13.Bxe7 Qxe7 14.Nxd5 Bxd5 15.
Qf4 dxe5 16.dxe5 Qg5 17.Qxg5 hxg5 18.Re1 Kg7 19.Be4 Rfe8 20.Nh3 Nxe5 21.
Bxd5 exd5 22.Nxg5 f6 23.Nh3 Nc4 24.Nf4 Ne3 25.Re2 Re7 26.Rhe1 Rae8 27.b3 
d4 28.g3 Kf7 29.Kd2 g5 30.Nd3 a5 31.a4 Nf1+ 32.Kd1 Rxe2 33.Rxe2 Rxe2 34.
Kxe2 Nxh2 35.Kf2 g4 36.Ne1 Kg6 37.f4 Kf5 38.Kg2 Ke4 39.Kxh2 Ke3 40.f5 Kd2 
41.Nd3 Kxc2 42.Nf2 d3 43.Nxg4 d2 44.Nf2 Kxb3 45.g4 c4 46.g5 c3 47.g6 c2 
48.g7 c1=Q 49.g8=Q+ Kxa4 50.Qa2+ Kb5 51.Qb3+ Ka6 52.Qd3+ Kb7 53.Kg2 Kc6 
54.Qe4+ Kb5 55.Qd3+ Kc6 56.Qe4+ Kb5 57.Qd3+ Qc4 58.Qxd2 a4 59.Qb2+ Qb3 60.
Qxf6 a3 61.Qe5+ Kc6 62.f6 a2 63.Qe4+ Qd5 64.Qxd5+ Kxd5 65.f7 1/2-1/2

[Event "XIV American Continental"]
[Site "Sao Paulo BRA"]
[Date "2019.07.09"]
[Round "6.105"]
[White "Cadilhac, Mariana Sawae Kikuchi"]
[Black "Da Silveira, Thiago Graca"]
[Result "1-0"]
[WhiteElo "1639"]
[BlackElo "1590"]
[EventDate "2019.07.05"]
[PlyCount "103"]
[EventRounds "11"]
[EventCountry "BRA"]

1.e4 e5 2.Nf3 Nc6 3.Bc4 Be7 4.d4 d6 5.d5 Na5 6.Bd3 b6 7.O-O Nf6 8.c4 Nb7 
9.Nc3 O-O 10.h3 Bd7 11.Be3 c6 12.dxc6 Bxc6 13.Qb1 Nc5 14.Bc2 Nh5 15.Rd1 
Qc7 16.Nd5 Bxd5 17.cxd5 a5 18.Rc1 Rac8 19.Bd1 Nf6 20.Nd2 Qb7 21.a3 Na6 22.
Qd3 Nc5 23.Qb1 Na6 24.Nc4 Nc5 25.f3 Nfd7 26.b4 Na6 27.bxa5 b5 28.Nb6 Rxc1 
29.Qxc1 Nxb6 30.axb6 Rc8 31.Qb2 Nc5 32.Qxb5 f6 33.a4 Ra8 34.a5 Kf7 35.Be2 
Bd8 36.Bxc5 dxc5 37.Rb1 Rb8 38.Qxc5 Rc8 39.Qd6 Be7 40.Qe6+ Kg6 41.d6 Bd8 
42.d7 Rb8 43.Kh2 Kh6 44.a6 Qa8 45.a7 Rb7 46.Ba6 Rxa7 47.bxa7 Qxa7 48.Qe8 
Qxa6 49.Qxd8 Qd3 50.Rg1 Qe3 51.Qe7 Qf4+ 52.Kh1 1-0